000 00816cam a2200277 i 4500
001 831366
003 OSt
005 20230627111526.0
008 771118s1978 maua b 001 0 eng
010 _a 77014615
020 _a066901950X
040 _aDLC
_cDLC
_dDLC
050 0 0 _aHD9502.A2
_bE98
082 0 0 _a333.7
_bEZZ
100 1 _aEzzati, Ali.
245 1 0 _aWorld energy markets and OPEC stability /
_cAli Ezzati.
260 _aLexington, Mass. :
_bLexington Books,
_cc1978.
300 _axiv, 205 p. :
_bill. ;
_c24 cm.
500 _aIncludes index.
504 _aBibliography: p. 185-198.
610 2 0 _aOrganization of Petroleum Exporting Countries.
650 0 _aEnergy policy.
650 0 _aPetroleum industry and trade.
906 _a7
_bcbc
_corignew
_d1
_eocip
_f19
_gy-gencatlg
942 _2ddc
_cBK
999 _c2820
_d2820